000 00764 a2200229 4500
010 _aENG-89894
020 _a8180901669
_c500.00
035 _aEN-73427
037 _bDBAD / PUB
082 1 4 _a181.41
090 _c11952
_d11952
100 1 _aThadani, N.V.
245 1 _aHindu philosophy of religion
_cby N.V. Thadani
250 _arev. ed
260 _aDelhi
_bBharatiya Kala Prakashan
_c2007
270 _a3421-A, IInd Floor, Narang Colony, Tri Nagar
_bDelhi
_cDelhi
_e110035
_k27393083, 30967505
300 _axiv, 286p.
_c21 cm. (Hb)
500 _aIncludes index.
505 _apt.II - Mimamsa sutra of Jaimini
942 _adpl
_cEN
_k181.41 / THA
999 _c11598
_d11598